000 01019nam a22002897a 4500
999 _c13990
_d13990
003 AR-CdUCM
008 190405b ||||| |||| 00| 0 spa d
040 _aMUNICIPALIDAD PROVINCIAL DEL CUSCO
_cBIBLIOTECA MUNICIPAL DEL CUSCO
082 _a015.85 /
_bB3 /1966
110 _aBiblioteca Nacional del Perú
_9732
245 _aAnuario bibliográfico peruano de 1961-1963 /
260 _aLima :
_bTalls. Gráfs. P.L. Villanueva,
_c1961
300 _a803 páginas ;
_c25 cm.
440 _aEdiciones de la Biblioteca Nacional
_nXIV
_932643
505 _aContenido: Filosofía -- Religión -- Ciencias sociales -- Psicología -- Lingüística...
650 _aIdiomas
_924850
650 _aMatemáticas
_99398
650 _aCiencias medicas
_99293
650 _aIngeniería
_910043
650 _aPoesía
_9139
650 _aGeografía
_9318
650 _aDerecho
_9739
650 _aIglesia católica
_93151
700 _aLosada y Puga, Cristóbal de,
_921482
942 _2ddc
_cLIBROS
945 _apjha
_d2019-04-22